| 000 | 00700nam a2200205 u 4500 | ||
|---|---|---|---|
| 005 | 20210223133358.0 | ||
| 008 | 170825s1985 r 000 0 eng d | ||
| 020 | _a9682907101 | ||
| 035 | _aUPN01000219941 | ||
| 049 | _aCG | ||
| 050 | 4 |
_aF1234 _bB3.5 |
|
| 245 | 0 | 0 |
_aBaladas de la Guerra de Independencia / _ccomp. José Luis Hernández. |
| 260 |
_aMéxico : _bInstituto Nacional de Bellas Artes y Literatura, _c1985. |
||
| 300 |
_a108 p. : _bil., figs. |
||
| 440 | 0 | _aEstanquillo literario | |
| 651 | 4 |
_aMEXICO - _xHISTORIA - _yGUERRA DE INDEPENDENCIA, 1810-1821 - _vANECDOTAS, CHISTES, SATIRAS, ETC. _922249 |
|
| 700 | 1 |
_aHernández, José Luis, _ecomp. |
|
| 905 | _aLibro | ||
| 999 |
_c192040 _d192040 |
||